Daň z príjmu a optimalizácia zdanenia

Daň z príjmov a jej postavenie v daňovom systéme Slovenskej republiky. Neustále zmeny a novelizácie v posledných rokoch v daňovej politike Slovenskej republiky, vyvolávajú negatívne ohlasy v podnikateľskej sfére a ovplyvňujú aj rozhodovanie investorov.

Gespeichert in:
Bibliographische Detailangaben
1. Verfasser: Linkayová, Lucia
Format: Buchkapitel
Sprache:Slowakisch
Schlagworte:
Tags: Tag hinzufügen
Keine Tags, Fügen Sie das erste Tag hinzu!

MARC

LEADER 00000naa$a2200000$$$4500
001 0194697
005 20240502073248.7
041 0 |a slo 
044 |a SK 
245 1 0 |a Daň z príjmu a optimalizácia zdanenia  |c Lucia Linkayová 
520 |a Daň z príjmov a jej postavenie v daňovom systéme Slovenskej republiky. Neustále zmeny a novelizácie v posledných rokoch v daňovej politike Slovenskej republiky, vyvolávajú negatívne ohlasy v podnikateľskej sfére a ovplyvňujú aj rozhodovanie investorov. 
610 2 0 |a Slovensko 
610 2 0 |a politika daňová 
610 2 0 |a systémy daňové 
610 2 0 |a dane z príjmov 
610 2 0 |a sadzby daňové 
610 2 0 |a povinnosť daňová 
610 2 0 |a optimalizácia daňová 
610 2 0 |a zákony 
100 1 |a Linkayová, Lucia